Studies in Indian history; (Record no. 85375)
[ view plain ]
| 000 -LEADER | |
|---|---|
| fixed length control field | 01044cam a2200289 4500 |
| 001 - CONTROL NUMBER | |
| control field | sa 68013823 |
| 003 - CONTROL NUMBER IDENTIFIER | |
| control field | DLC |
| 005 - DATE AND TIME OF LATEST TRANSACTION | |
| control field | 20260227112626.0 |
| 008 - FIXED-LENGTH DATA ELEMENTS--GENERAL INFORMATION | |
| fixed length control field | 691210s1968 ii abc b 010 0 eng |
| 010 ## - LIBRARY OF CONGRESS CONTROL NUMBER | |
| LC control number | sa 68013823 |
| 025 ## - OVERSEAS ACQUISITION NUMBER | |
| Overseas acquisition number | PL480:I-E-10945 |
| 040 ## - CATALOGING SOURCE | |
| Original cataloging agency | DLC |
| Transcribing agency | DLC |
| Modifying agency | DLC |
| 041 0# - LANGUAGE CODE | |
| Language code of text/sound track or separate title | enghinmar |
| 050 00 - LIBRARY OF CONGRESS CALL NUMBER | |
| Classification number | DS437 |
| Item number | .S8 1968 |
| 082 00 - DEWEY DECIMAL CLASSIFICATION NUMBER | |
| Classification number | 954/.008 |
| 245 00 - TITLE STATEMENT | |
| Title | Studies in Indian history; |
| Remainder of title | Dr. A. G. Pawar felicitation volume. |
| Statement of responsibility, etc. | Edited by V. D. Rao. |
| 260 ## - PUBLICATION, DISTRIBUTION, ETC. | |
| Place of publication, distribution, etc. | Kolhapur |
| Name of publisher, distributor, etc. | [Y. P. Pawar on behalf of Dr. Appasaheb Pawar Satkar Samiti; sole distributors: Popular Prakashan, Bombay] |
| Date of publication, distribution, etc. | 1968. |
| 300 ## - PHYSICAL DESCRIPTION | |
| Extent | xvii, 444 p. |
| Other physical details | illus., maps (part fold.), ports., |
| Dimensions | 23 cm. |
| 350 ## - PRICE (NR) (BK AM CF MU VM SE) [OBSOLETE] | |
| Price | 35.00 |
| 500 ## - GENERAL NOTE | |
| General note | English, Hindi, and Marathi. |
| 500 ## - GENERAL NOTE | |
| General note | Short biographical sketches of the contributors: p. 441-444. |
| 504 ## - BIBLIOGRAPHY, ETC. NOTE | |
| Bibliography, etc. note | Includes bibliographies. |
| 651 #0 - SUBJECT ADDED ENTRY--GEOGRAPHIC NAME | |
| Geographic name | India |
| General subdivision | History. |
| 600 10 - SUBJECT ADDED ENTRY--PERSONAL NAME | |
| Personal name | Pawar, A. G. |
| Fuller form of name | (Appasaheb Ganapatrao), |
| Dates associated with a name | 1906- |
| 700 1# - ADDED ENTRY--PERSONAL NAME | |
| Personal name | Pawar, A. G. |
| Fuller form of name | (Appasaheb Ganapatrao), |
| Dates associated with a name | 1906- |
| 700 1# - ADDED ENTRY--PERSONAL NAME | |
| Personal name | Rao, Vasant D., |
| Relator term | ed. |
No items available.